Desarrollo de un procedimiento para la calibración de matraces y validación del cálculo de incertidumbre
Salvato in:
| Autore principale: | |
|---|---|
| Natura: | Libro |
| Pubblicazione: |
San José, Costa Rica
2010
|
| Soggetti: | |
| Tags: |
Aggiungi Tag
Nessun Tag, puoi essere il primo ad aggiungerne!!
|
MARC
| LEADER | 00000nam a2200000Ia 4500 | ||
|---|---|---|---|
| 003 | 010498 | ||
| 005 | 20221231144040.0 | ||
| 008 | 140114s2010 cr a 000 ||s d | ||
| 040 | |c cru CEDI | ||
| 090 | |a TFG 6082 | ||
| 100 | |a Méndez Arias, Johanna |9 3252 | ||
| 245 | |a Desarrollo de un procedimiento para la calibración de matraces y validación del cálculo de incertidumbre | ||
| 260 | |c 2010 |b San José, Costa Rica | ||
| 500 | |a Proyecto de graduación (licenciatura en ingeniería química)--Universidad de Costa Rica. Facultad de Ingeniería. Escuela de Ingeniería Química | ||
| 650 | |x LABORATORIOS |x APARATOS E INSTRUMENTOS |x CALIBRACION |x MODELOS MATEMATICOS |9 3253 | ||
| 942 | |c TFG | ||
| 999 | |c 16133 |d 16133 | ||
